<?xml version="1.0" encoding="UTF-8"?>
<record
    xmlns:xsi="http://www.w3.org/2001/XMLSchema-instance"
    xsi:schemaLocation="http://www.loc.gov/MARC21/slim http://www.loc.gov/standards/marcxml/schema/MARC21slim.xsd"
    xmlns="http://www.loc.gov/MARC21/slim">

  <leader>01152nam0a2200325   4500</leader>
  <controlfield tag="001">RU\NLR\bibl\1822552</controlfield>
  <controlfield tag="005">20260406092125.0</controlfield>
  <datafield tag="010" ind1=" " ind2=" ">
    <subfield code="a">978-5-9533-5429-5</subfield>
    <subfield code="9">8000</subfield>
  </datafield>
  <datafield tag="021" ind1=" " ind2=" ">
    <subfield code="a">RU</subfield>
    <subfield code="b">2011-71344</subfield>
    <subfield code="9">485&#x434;/2011</subfield>
  </datafield>
  <datafield tag="035" ind1=" " ind2=" ">
    <subfield code="a">(NLR Aleph) 001813103</subfield>
  </datafield>
  <datafield tag="090" ind1=" " ind2=" ">
    <subfield code="a">1899802</subfield>
    <subfield code="c">1899802</subfield>
  </datafield>
  <datafield tag="100" ind1=" " ind2=" ">
    <subfield code="a">20111018d2011    |||y0rusy50      ca</subfield>
  </datafield>
  <datafield tag="101" ind1="0" ind2=" ">
    <subfield code="a">rus</subfield>
  </datafield>
  <datafield tag="102" ind1=" " ind2=" ">
    <subfield code="a">RU</subfield>
  </datafield>
  <datafield tag="105" ind1=" " ind2=" ">
    <subfield code="a">a   |||||||||</subfield>
  </datafield>
  <datafield tag="200" ind1="1" ind2=" ">
    <subfield code="a">&#x422;&#x430;&#x439;&#x43D;&#x44B; &#x428;&#x43B;&#x438;&#x441;&#x441;&#x435;&#x43B;&#x44C;&#x431;&#x443;&#x440;&#x433;&#x441;&#x43A;&#x43E;&#x439; &#x43A;&#x440;&#x435;&#x43F;&#x43E;&#x441;&#x442;&#x438;</subfield>
    <subfield code="f">&#x41D;. &#x41C;. &#x41A;&#x43E;&#x43D;&#x44F;&#x435;&#x432;</subfield>
  </datafield>
  <datafield tag="210" ind1=" " ind2=" ">
    <subfield code="a">&#x41C;&#x43E;&#x441;&#x43A;&#x432;&#x430;</subfield>
    <subfield code="c">&#x412;&#x435;&#x447;&#x435;</subfield>
    <subfield code="d">2011</subfield>
  </datafield>
  <datafield tag="215" ind1=" " ind2=" ">
    <subfield code="a">397, [2] &#x441;., [8] &#x43B;. &#x438;&#x43B;., &#x43F;&#x43E;&#x440;&#x442;&#x440;.</subfield>
    <subfield code="d">21</subfield>
  </datafield>
  <datafield tag="225" ind1="1" ind2=" ">
    <subfield code="a">&#x422;&#x430;&#x439;&#x43D;&#x44B; &#x420;&#x43E;&#x441;&#x441;&#x438;&#x439;&#x441;&#x43A;&#x43E;&#x439; &#x438;&#x43C;&#x43F;&#x435;&#x440;&#x438;&#x438;</subfield>
  </datafield>
  <datafield tag="601" ind1="0" ind2="2">
    <subfield code="a">&#x428;&#x43B;&#x438;&#x441;&#x441;&#x435;&#x43B;&#x44C;&#x431;&#x443;&#x440;&#x433;&#x441;&#x43A;&#x430;&#x44F; &#x43A;&#x440;&#x435;&#x43F;&#x43E;&#x441;&#x442;&#x44C;</subfield>
    <subfield code="9">1961591</subfield>
    <subfield code="3">RU\NLR\AUTH\661185426</subfield>
  </datafield>
  <datafield tag="686" ind1="1" ind2=" ">
    <subfield code="a">&#x422;3(2&#x420;-4&#x41B;&#x435;-2&#x428;&#x43B;)&#x43B;6</subfield>
  </datafield>
  <datafield tag="686" ind1="1" ind2=" ">
    <subfield code="a">&#x426;561.211.1</subfield>
  </datafield>
  <datafield tag="700" ind1=" " ind2="1">
    <subfield code="4">070</subfield>
    <subfield code="8">rus</subfield>
    <subfield code="7">ca</subfield>
    <subfield code="a">&#x41A;&#x43E;&#x43D;&#x44F;&#x435;&#x432;</subfield>
    <subfield code="b">&#x41D;. &#x41C;.</subfield>
    <subfield code="c">&#x43F;&#x438;&#x441;&#x430;&#x442;&#x435;&#x43B;&#x44C;-&#x434;&#x43E;&#x43A;&#x443;&#x43C;&#x435;&#x43D;&#x442;&#x430;&#x43B;&#x438;&#x441;&#x442;</subfield>
    <subfield code="g">&#x41D;&#x438;&#x43A;&#x43E;&#x43B;&#x430;&#x439; &#x41C;&#x438;&#x445;&#x430;&#x439;&#x43B;&#x43E;&#x432;&#x438;&#x447;</subfield>
    <subfield code="f">1949-2018</subfield>
    <subfield code="3">RU\NLR\auth\7762718</subfield>
    <subfield code="9">45648</subfield>
  </datafield>
  <datafield tag="801" ind1=" " ind2="0">
    <subfield code="a">RU</subfield>
    <subfield code="b">NLR</subfield>
    <subfield code="c">20111018</subfield>
    <subfield code="g">RCR</subfield>
  </datafield>
  <datafield tag="801" ind1=" " ind2="1">
    <subfield code="a">RU</subfield>
    <subfield code="b">NLR</subfield>
    <subfield code="c">20111018</subfield>
  </datafield>
  <datafield tag="942" ind1=" " ind2=" ">
    <subfield code="c">BOOK</subfield>
  </datafield>
  <datafield tag="980" ind1=" " ind2=" ">
    <subfield code="a">NB</subfield>
  </datafield>
  <datafield tag="980" ind1=" " ind2=" ">
    <subfield code="a">NBR</subfield>
  </datafield>
  <datafield tag="995" ind1=" " ind2=" ">
    <subfield code="5">2011-10-18</subfield>
    <subfield code="a">ad</subfield>
    <subfield code="b">NLR01</subfield>
    <subfield code="c">NLR01</subfield>
    <subfield code="e">RF8</subfield>
    <subfield code="f">1-2595178</subfield>
    <subfield code="k">2011-3/32143</subfield>
    <subfield code="o">0</subfield>
    <subfield code="r">BOOK</subfield>
    <subfield code="s">2011332143_</subfield>
  </datafield>
  <datafield tag="995" ind1=" " ind2=" ">
    <subfield code="5">2011-10-18</subfield>
    <subfield code="a">ad</subfield>
    <subfield code="b">NLR01</subfield>
    <subfield code="c">NLR01</subfield>
    <subfield code="e">RF8</subfield>
    <subfield code="f">3511769</subfield>
    <subfield code="k">2011-3/32143</subfield>
    <subfield code="o">0</subfield>
    <subfield code="r">BOOK</subfield>
    <subfield code="s">2011332143_</subfield>
  </datafield>
</record>
